Pokemon that are blue-SUDDEN DEATH - Statistics

General Stats
  • This quiz has been taken 35 times
  • The average score is 7 of 12
Answers on the Grid
Answers color-coded by a green-red scale on the quiz's grid according to % correct below.
Mudkip
Samurott
Mega Charizard X
Grovyle
Blastoise
Goodra
Quaxly
Vaporeon
Poliwhirl
Poliwag
Politoed
Alolan Ninetales
Alolan Raichu
Yanmega
Horsea
Dratini
Piplup
Eiscue
Popplio
 
Answer Stats
Answer % Correct
Mudkip
94%
Samurott
82%
Blastoise
65%
Vaporeon
65%
Piplup
59%
Poliwag
59%
Poliwhirl
53%
Popplio
53%
Dratini
47%
Horsea
47%
Alolan Ninetales
24%
Eiscue
18%
No matching quizzes found
Score Distribution
Percent of People with Each Score
Percentile by Number Answered
Your Score History
You have not taken this quiz